01355cam a2200349 i 45000010005000000030006000050050017000110080041000280100017000690200025000860200018001110400028001290500014001570820012001711000017001832450171002002600036003713000043004073360026004503370028004763380027005045050007005315200158005385210019006965210019007156500044007346500021007789060045007999420015008449990015008599520131008743152FISKH20240214134102.0160524s2013 ilu 000 0 eng  a 2016299423 a9781583428436 (pbk.) a9780439584432 aDLCbengerdacDLCdDLC00aPZ7.G9846 a813.54 1 aGutman, Dan,10aJackie & me :cadventure/comedy by Steven Dietz ; adapted from the book by Dan Gutman.bI held the card against my chest and thought of 1947, the Brooklyn Dodgers.../ aNew York : bScholastic, c1999 a145 pages : cillustrations ; b20 cm  atextbtxt2rdacontent aunmediatedbn2rdamedia avolumebnc2rdacarrier aQ  aWith his ability to travel through time by using baseball cards, Joe goes back to 1947 to meet Jackie Robinson, turning into a black boy in the process. 8 a670 bLexile 8 aQ bRaz-Plus  aBaseball vFantasy yHistorical Fiction aSportsvFiction  a7bcbccorignewd4encipf20gy-gencatlg 2ddccBKn0 c3152d3152 00102ddc40708JUVFa001b001cTK Oranged2024-02-14l0oGUT Fic PZ7.G9846 pFISTK00369r2024-02-14 13:40:58w2024-02-14yBK